000 00566nam a2200169Ia 4500
003 GCL
008 140319s9999 xx 000 0 ara d
040 _aGCL /
_cGCL
082 0 4 _aق
_b962.1
_bع ت
100 1 _aعمر طوسون
245 1 0 _aتاريخ خليج الاسكندرية القديم وترعة المحمودية /
_cعمر طوسون
260 _aالقاهرة :
_bمطبعة العدل ،
_c1942
300 _a152 ص:
_bايض،خرائط ؛
_c24 سم
650 0 4 _aتاريخ
650 0 4 _aالاسكندرية - تاريخ
942 _2ddc
_cBK
999 _c42696
_d42696